000 00667cam a2200205 a 4500
001 000001640
005 20200929145639.0
008 750404s1965 fr a 001 0 fre
040 _aDO-SdBNP
_bspa
_cBNPHU
082 _a843.7
_bM989ó
100 1 _aMusset, Alfred de,
_d1810-1857.
_95357
245 1 0 _aOn ne badine pas avec l'amour /
_cAlfred de Musset.
260 _aParís :
_bLaroussel,
_c1965.
300 _a127p. :
_bil. ;
_c17 cm.
490 1 _aNouveaux Classiques Larousse
500 _aIncluye lista de clásico Larousse.
650 4 _aProverbios y refranes franceses
_95358
650 4 _aTeatro francés
_95359
830 0 _aNouveaux Classiques Larousse
_95360
999 _c1528
_d1528